000 00744nam a2200229 i 4500
001 50512
003 ES-MaACL
005 20250627063631.0
007 t|
008 030805s1971 sp ||||1| spa d
100 1 _aCullmann, Oscar,
_d1902-1999
_942150
245 1 3 _aEl Nuevo Testamento /
_cOscar Cullmann ; versión de Marina Mayoral y Andrés Amorós.
260 _a[Madrid] :
_bTaurus,
_c[1971]
300 _a196 p. ;
_c18 cm.
490 1 _aEl futuro de la verdad ;
_v42
630 0 4 _aBiblia.
_pN.T.-
_vComentarios.
_9119290
700 1 _aMayoral, Marina.
_979422
700 1 _aAmorós, Andrés.
_921309
830 0 _aEl futuro de la verdad ;
_v42
_9180936
852 _aES-MaACL
_jC-44904
_bR.77315
999 _c50512
_d50512